Foundations of Business Accounting / Second Edition (Record no. 536)
[ view plain ]
| 000 -LEADER | |
|---|---|
| fixed length control field | 01294cam a22002054a 4500 |
| 005 - ΗΜΕΡΟΜΗΝΙΑ ΚΑΙ ΩΡΑ ΤΕΛΕΥΤΑΙΑΣ ΕΝΗΜΕΡΩΣΗΣ | |
| Πεδίο ελέγχου | 20250605163938.0 |
| 008 - FIXED-LENGTH DATA ELEMENTS--GENERAL INFORMATION | |
| Πεδίο ελέγχου σταθερού μήκους | 250528s ||||||||||||||||||||||||d |
| 035 ## - SYSTEM CONTROL NUMBER | |
| System control number | 14926 |
| 020 ## - ISBN | |
| ISBN | 1861521537 |
| 040 ## - ΠΗΓΗ ΚΑΤΑΛΟΓΟΓΡΑΦΗΣΗΣ | |
| Φορέας πρωτότυπης καταλογογράφησης | MC Athens Campus Library |
| Γλώσσα καταλογογράφησης | Ελληνικά, Μοντέρνα (1453-) |
| Modifying agency | MC Athens Campus Library |
| Κανόνες περιγραφικής καταλογογράφησης | AACR2 |
| 245 1# - ΤΙΤΛΟΣ ΚΑΙ ΔΗΛΩΣΗ ΥΠΕΥΘΥΝΟΤΗΤΑΣ | |
| Τίτλος | Foundations of Business Accounting / Second Edition |
| 250 ## - EDITION STATEMENT | |
| Edition statement | 2nd |
| 260 ## - PUBLICATION, DISTRIBUTION, ETC. | |
| Name of publisher, distributor, etc. | International Thomson Business Press, |
| Date of publication, distribution, etc. | 1997 |
| 300 ## - PHYSICAL DESCRIPTION | |
| Extent | 588 |
| 520 ## - SUMMARY, ETC. | |
| Summary, etc. | This book offers unrivalled coverage for students taking a first course in accounting. Preface, Abbreviations, The Accounting Environment, The Basis of Financial Statements, The Basic Double-Entry System, Stock and Credit, The Basic Framework of the Books, End of Period Adjustments, Sundry Book-Keeping Procedures, The Accounts of a Manufacturer, Incomplete Records, Limited Companies: Capital and Reserves, Cash Flow Statements, Limited Companies: Accounting Regulations, Financial Statements Analysis, Partnerships: Introduction, Partnerships: Changes in Ownership, Organizations not Trading for Profit, Sectional Activity, Groups of Companies: An Introduction, Specialized Accounting Standards, Ethics and Creative Accounting, Suggested Answers to Self-Assessment Questions, Index. |
| 700 1# - ΠΡΟΣΘΕΤΗ ΑΝΑΓΡΑΦΗ--ΦΥΣΙΚΟ ΠΡΟΣΩΠΟ | |
| Personal name | Dodge Roy |
| 9 (RLIN) | 732 |
| 942 ## - ADDED ENTRY ELEMENTS (KOHA) | |
| Koha item type | Books |
| Τύπος τεκμηρίου | Βιβλιοθήκη | Τρέχουσα τοποθεσία | Barcode | Αριθμός εισαγωγής | Ημερομηνία απόκτησης | Ταξιθετικό σύμβολο | Αριθμός αντιτύπου | Κατάσταση απόσυρσης | Κατάσταση χαμένου | Κατάσταση κατεστραμμένου | Μη δανεισμός | Σύνολο δανεισμών | Ημερομηνία τελευταίας εμφάνισης | Η τιμή ισχύει από |
|---|---|---|---|---|---|---|---|---|---|---|---|---|---|---|
| Books | MC Athens Campus Library | MC Athens Campus Library | 9780000005359 | 1150 | 05/06/2025 | 657 DOD | 1 | 05/06/2025 | 05/06/2025 |